Marketing vybranej spoločnosti bakalárska práca

Na minha lista:
Detalhes bibliográficos
Autor principal: Vojtko, Branislav
Autor Corporativo: Obchodná fakulta EU. Katedra marketingu
Outros Autores: Drábik, Peter, 1981-
Formato: Livro
Idioma:eslovaco
Publicado em: Bratislava 2020
Tags: Adicionar Tag
Sem tags, seja o primeiro a adicionar uma tag!

MARC

LEADER 00000nbm a2200000 4500
001 0266591
005 20201006101719.6
041 0 |a slo 
044 |a SK 
245 1 0 |a Marketing vybranej spoločnosti  |b bakalárska práca  |c Branislav Vojtko ; školiteľ: Peter Drábik 
264 1 |a Bratislava  |c 2020 
300 |a 41 s. 
100 1 |a Vojtko, Branislav 
700 1 |a Drábik, Peter, 1981- 
710 2 |a Obchodná fakulta EU. Katedra marketingu